| 000 | 00472nam a22001697a 4500 | ||
|---|---|---|---|
| 003 | macl | ||
| 005 | 20150621123320.0 | ||
| 008 | 150621b xxu||||| |||| 00| 0 eng d | ||
| 040 | _cmacl | ||
| 041 | _aEnglish | ||
| 082 | _a954/CHA | ||
| 100 |
_aChatterjee,Kumkum _9291 |
||
| 245 | _aThe Cultures of History in Early Modern India Persianization and Mughal Culture in Bengal | ||
| 260 |
_aNew Delhi _bOxford University _c2011 |
||
| 600 |
_aHistory _9292 |
||
| 942 |
_2ddc _cBK |
||
| 999 |
_c49897 _d49897 |
||